000 02751cam a2200325 i 4500
001 a19174175
003 SIRSI
005 20250325150117.0
008 160620t20172017enk b 001 0 eng
010 _a 2016020587
020 _a9781509503728
_qhardback
_qalkaline paper
035 _a(OCoLC)954133984
040 _aDLC
_beng
_erda
_cYUS
_dDLC
_dYDXCP
_dBTCTA
_dBDX
_dPIT
_dHTM
_dNGU
_dGZN
041 1 _aeng
_hfre
042 _apcc
050 0 0 _aHM1176
_b.C5713 2017
100 _aCitton, Yves.
_eauthor.
_925025
240 1 0 _aPour une écologie de l'attention.
_lEnglish
245 1 4 _aThe ecology of attention
_c/ Yves Citton ; translated by Barnaby Norman.
250 _aEnglish edition.
264 1 _aCambridge, UK ;
_aMalden, MA :
_bPolity Press,
_c[2017]
264 4 _c©2017
300 _ax, 227 pages ;
_c24 cm
504 _aIncludes bibliographical references and index.
505 0 _aFrom attention economy to attention ecology — Collective attention — Media enthralments and attention regimes — Attentional capitalism — The digitalisation of attention — Joint attention — Presential attention — The micro-politics of attention — Individuating attention — Attention in laboratories — Reflexive attention — Towards an attention echology.
520 _aInformation overload, the shallows, weapons of mass distraction, the googlization of minds: countless commentators condemn the flood of images and information that dooms us to a pathological attention deficit. In this new book, cultural theorist Yves Citton goes against the tide of these standard laments to offer a new perspective on the problem of attention in the digital age. Phrases like ‘paying attention’ and ‘investing one’s attention’ attest to our mistaken belief that attention can be conceptualized in narrow economic terms. We are constantly drawn towards attempts to quantify and commodify attention, even down to counting the number of 'likes' a picture receives on Facebook or a video on YouTube. By contrast, Citton argues that we should conceptualize attention as a kind of ecology and examine how the many different environments to which we are exposed – from advertising to literature, search engines to performance art – condition our attention in different ways. In a world where the demands on our attention are ever-increasing, this timely and original book will be of great interest to students and scholars in media and communications and in literary and cultural studies, and to anyone concerned about the long-term consequences of the profusion of images as well as digital content in the age of the internet.
650 0 _aAttention
_xSocial aspects.
650 0 _aPerceptual learning.
_925026
942 _2lcc
999 _c4583
_d4583